• 首页
  • 本馆介绍
  • 公告通知
  • 最新文献
  • 馆藏检索
  • 电子资源
  • 读者导购
  • 参考咨询
  • 我的图书馆
  • 登录
  • 详细信息显示
  • 放入我的书架
  • 预约/预借图书
  • 作者相关作品
  • 分类相关作品
  • 丛书相关作品
  • 出版社相关作品

书目信息

  • 表格格式
  • 工作单格式
  • 卡片格式
题名:
中国共产党的创立
    
 
作者: 张静如 著
分册:  
出版信息: 石家庄   河北人民出版社  1981
页数: 203页
开本: 21cm
丛书名:
单 册:
中图分类: D231 , D23
科图分类:
主题词: 中国共产党 , 党史-中国共产党
电子资源:
ISBN:
000 00716nam0 2200265 45
001 0181002770
005 20070730160237.98
010    @dCNY0.60
091    @a11086.21
100    @a19950613d1981 em y0chiy0121 ea
101 0  @achi
102    @aCN@b130000
105    @ay z 000yy
200 10 @a中国共产党的创立@Azhong guo gong chan dang de chuang li@f张静如著
210    @a石家庄@c河北人民出版社@d1981
215    @a203页@d21cm
601 02 @a中国共产党@x党史
606 0  @a中国共产党
606    @a党史-中国共产党
690    @aD231@v3
690    @aD23
701  0 @a张静如@Azhang jing ru@4著
801  2 @aCN@bNLC@c20070730
801  0 @aCN@b上海图书馆@c20040426
905    @f1@b177531@f3@b175289-291@dD23@e16
    
    中国共产党的创立/张静如著.-石家庄:河北人民出版社,1981
    203页;21cm
    
    
    ISBN :CNY0.60
    
●
相关链接 在E读中查询图书 在五车中查询图书 在当当中查询图书 在豆瓣中查询图书


正题名:中国共产党的创立     索取号:D23/16         预约/预借

序号 登录号 条形码 馆藏地/架位号 状态 备注
1 0044755   001879239   密集书库/ [索取号:D23/16] 在馆    
2 0044756   001879275   密集书库/ [索取号:D23/16] 在馆    
3 0044757   002050078   第一样本阅览室/ [索取号:D23/16] 在馆    
4 0044758   001736447   密集书库/ [索取号:D23/16] 在馆    
5 0044759   001745543   密集书库/ [索取号:D23/16] 在馆    
6 0044760   001736401   密集书库/ [索取号:D23/16] 在馆    
7 0175285   001879319   密集书库/ [索取号:D23/16] 在馆    
8 0175286   001879355   密集书库/ [索取号:D23/16] 在馆    
9 0175287   001879391   密集书库/ [索取号:D23/16] 在馆    
10 0175288   001879408   密集书库/ [索取号:D23/16] 在馆    
11 0175289   000378184   密集书库/ [索取号:D23/16] 在馆    
12 0175290   001009410   密集书库/ [索取号:D23/16] 在馆    
13 0175291   000378193   密集书库/ [索取号:D23/16] 在馆    
14 0175292   001785624   密集书库/ [索取号:D23/16] 在馆    
15 0177531   000378200   密集书库/ [索取号:D23/16] 在馆    
16 0787344   207873443   密集书库/ [索取号:D23/16] 在馆    
唐山师范学院图书馆 欢迎您!
大连网信软件有限公司© 版权所有